Statistiques concernant Devinez les pays d'Afrique

Cliquez ici pour prendre le quiz!

Statistiques générales

  • Ce quiz a été pris 86 fois
  • Le résultat moyen est 13 sur 16

Statistiques - réponses

Réponse% Correct
Kenya
96%
Maroc
96%
Algérie
94%
Angola
89%
Ouganda
85%
Centrafrique
83%
Mozambique
80%
Tanzanie
80%
Togo
80%
Lesotho
78%
Bénin
74%
Eswatini
74%
Soudan du sud
74%
Malawi
73%
Maurice
69%
Sao-Tomé et Principe
60%

Distribution des résultats

Percentile par nombre de réponses

% des personnes avec chaque résultat

Votre développement - résultats

Vous n’avez pas pris ce quiz